| 000 | 00332nam a22001217a 4500 | ||
|---|---|---|---|
| 999 |
_c58365 _d58362 |
||
| 100 | _aAzhar Hussain Shah | ||
| 100 | _a06ME30 | ||
| 245 | _aLocally Manufacture Electric Wheel Chair Operated by Joystick | ||
| 260 |
_aNawabshah: _bQUEST, _c2006. |
||
| 300 | _a52p. | ||
| 700 | _aDepartment of Mechanical Engineering | ||
| 942 | _cTHESIS | ||